John Wesley / (Record no. 3732)
[ view plain ]
| 000 -LEADER | |
|---|---|
| fixed length control field | 00733cam a2200253 a 4500 |
| 001 - CONTROL NUMBER | |
| control field | 14109564 |
| 003 - CONTROL NUMBER IDENTIFIER | |
| control field | OCoLC |
| 005 - DATE AND TIME OF LATEST TRANSACTION | |
| control field | 20181122110945.0 |
| 008 - FIXED-LENGTH DATA ELEMENTS--GENERAL INFORMATION | |
| fixed length control field | 861015r19851931nju 000 0beng |
| 010 ## - LIBRARY OF CONGRESS CONTROL NUMBER | |
| LC control number | 86214512 //r91 |
| 020 ## - INTERNATIONAL STANDARD BOOK NUMBER | |
| International Standard Book Number | 0916441148 |
| 040 ## - CATALOGING SOURCE | |
| Original cataloging agency | DLC |
| Transcribing agency | DLC |
| Modifying agency | BSC |
| 082 ## - DEWEY DECIMAL CLASSIFICATION NUMBER | |
| Classification number | 287 |
| Item number | L269J |
| 092 ## - LOCALLY ASSIGNED DEWEY CALL NUMBER (OCLC) | |
| Classification number | 287.092 |
| Item number | W513v |
| 100 1# - MAIN ENTRY--PERSONAL NAME | |
| Personal name | Vulliamy, C. E. |
| Fuller form of name | (Colwyn Edward), |
| Dates associated with a name | 1886- |
| 245 10 - TITLE STATEMENT | |
| Title | John Wesley / |
| Statement of responsibility, etc. | C.E. Vulliamy. |
| 260 ## - PUBLICATION, DISTRIBUTION, ETC. | |
| Place of publication, distribution, etc. | Westwood, N.J. : |
| Name of publisher, distributor, etc. | Barbour, |
| Date of publication, distribution, etc. | c1985. |
| 300 ## - PHYSICAL DESCRIPTION | |
| Extent | 359 p. ; |
| Other physical details | 23 cm. |
| 440 #0 - SERIES STATEMENT/ADDED ENTRY--TITLE | |
| Title | Heroes of the faith |
| 500 ## - GENERAL NOTE | |
| General note | Previously published: London : G. Bles, 1931. |
| 600 10 - SUBJECT ADDED ENTRY--PERSONAL NAME | |
| Personal name | Wesley, John, |
| Dates associated with a name | 1703-1791. |
| 650 #0 - SUBJECT ADDED ENTRY--TOPICAL TERM | |
| Topical term or geographic name entry element | Methodist Church |
| Geographic subdivision | England |
| General subdivision | Clergy |
| -- | Biography. |
| 942 ## - ADDED ENTRY ELEMENTS (KOHA) | |
| Source of classification or shelving scheme | Dewey Decimal Classification |
| Koha item type | Books |
| Withdrawn status | Lost status | Source of classification or shelving scheme | Damaged status | Not for loan | Collection code | Home library | Current library | Shelving location | Date acquired | Cost, normal purchase price | Total Checkouts | Full call number | Barcode | Date last seen | Price effective from | Koha item type |
|---|---|---|---|---|---|---|---|---|---|---|---|---|---|---|---|---|
| Dewey Decimal Classification | Non-fiction | Harvest Mission College | Harvest Mission College | General Stacks | 22.11.2018 | 860.00 | 287 L269J | 004303 | 22.11.2018 | 22.11.2018 | Books |
